000 00473nam a22001817a 4500
005 20240305102226.0
008 240305b |||||||| |||| 00| 0 eng d
020 _a9780131395312
082 _a005.13
_bSEB-C
100 _aSebesta,Robert W
245 _aConcepts of Programming Language/
_cRobert W.Sebesta.
250 _a10th ed.
260 _aUSA:
_bPearson;
_c2012.
300 _axix,795p;
_c23cm.
500 _aInclude Index.
650 _aProgramming
999 _c35218
_d35218